000 00594nai a2200181Ia 4500
003 IN-BaIIA
008 211028c9999 xx s 000 0 eng d
022 _a0145-8876 (Print)
022 _a1745-4530 (Online)
040 _cIIA Library
245 0 _aJournal of Food Process Engineering
_h[eJournal]
260 _aNew Jersey
_bJohn Wiley & Sons
310 _aMonthly
362 _a20(1); 1997 - Present
521 _bSubscribed through National Knowledge Resource Consortium (NKRC)
856 _uhttps://onlinelibrary.wiley.com/journal/17454530
_yClick Here to Access eJournal
942 _cEJ
999 _c35064
_d35064